01433nam a2200349Ia 4500001001200000003000800012006001900020007001500039008004100054020002600095020001800121040002100139035002100160050002500181100001900206245012500225260006100350300001800411440003500429500006700464500003700531504004100568533015200609650002400761650003300785655002900818700001900847710005700866710001700923856012600940999001701066ebr10644328CaPaEBRm u cr cn|||||||||130125s2012 dcua sb 000 0 eng d z9781475515053 (ebook) z9781475556414 aCaPaEBRcCaPaEBR a(OCoLC)81622948414aHG187.C6bA38 2012eb1 aAhuja, Ashvin.10aInvestment-led growth in Chinah[electronic resource] :bglobal spillovers /cprepared by Ashvin Ahuja and Malhar Nabar. aWashington, D.C. :bInternational Monetary Fund,cc2012. a22 p. :bill. 0aIMF working paper ;vWP/12/267 aAt head of title: Asia and Pacific Department -- verso of t.p. a"November 2012" -- verso of t.p. aIncludes bibliographical references. aElectronic reproduction.bPalo Alto, Calif. :cebrary,d2013.nAvailable via World Wide Web.nAccess may be limited to ebrary affiliated libraries. 0aInvestmentszChina. 0aEconomic developmentzChina. 7aElectronic books.2local1 aNabar, Malhar.2 aInternational Monetary Fund.bAsia and Pacific Dept.2 aebrary, Inc.40uhttp://site.ebrary.com/lib/rucke/Doc?id=10644328zAn electronic book accessible through the World Wide Web; click to view c29872d29872